| 000 | 00724nam a22002297a 4500 | ||
|---|---|---|---|
| 003 | UA-OsUOA | ||
| 001 | 60877 | ||
| 007 | ta | ||
| 008 | 20090610b un ||||| |||| 00| 0 ukr d | ||
| 090 |
_a929(477) _bТ58 |
||
| 942 | _cBK | ||
| 040 |
_aUA-OsUOA _bukr _cUA-OsUOA _dUA-OsUOA |
||
| 245 |
_aТопачевський Олександр Вікторович. Минуле задля майбутнього _cупорядник А.О.Топачевський |
||
| 300 | _a250 с. | ||
| 955 | _a1 | ||
| 041 | _aukr | ||
| 080 | _a929(477) | ||
| 020 | _a978-966-360-109-0 | ||
| 260 |
_aК. _bАкадемперіодика _c2009 |
||
| 650 | 7 |
_a9 Географія. Біографії. Історія _2UDC |
|
| 999 |
_c346884 _d346884 |
||